[Event "Sao Paulo Sampa op"]
[Site "Sao Paulo"]
[Date "2024.01.31"]
[Round "4"]
[White "Barroso, Daniele Silva"]
[Black "Van Riemsdijk, Dirk Dagobert"]
[Result "1-0"]
[WhiteElo "1349"]
[BlackElo "1789"]
[PlyCount "84"]
[EventDate "2024.01.29"]
[EventType "swiss"]
[EventRounds "9"]
[EventCountry "BRA"]
[SourceTitle "CB06_2024"]
[SourceDate "2024.02.07"]
[SourceVersion "1"]
[SourceVersionDate "2024.02.07"]
[SourceQuality "1"]

1. c4 f5 2. d4 g6 3. Nc3 Bg7 4. e4 d6 5. g3 Nc6 6. Nf3 Nf6 7. d5 fxe4 8. dxc6 exf3 9. Qxf3 Rb8 10. Qe3 bxc6 11. Qxa7 Be6 12. Qa4 Bd7 13. Bg2 c5 14. Bc6 Rb4 15. Bxd7+ Nxd7 16. Qc6 0-0 17. a3 Rb6 18. Qd5+ Kh8 19. 0-0 Ne5 20. f4 Ng4 21. Qe6 Bd4+ 22. Kg2 Qa8+ 23. Qd5 Rxb2+ 24. Kh3 Nf6 25. Qxa8 Rxa8 26. Bxb2 h5 27. Nd1 Rb8 28. Bxd4 cxd4 29. Rf2 Ne4 30. Re2 Nf6 31. Nf2 Rb3 32. Rd1 c5 33. Kh4 Rxa3 34. Rxe7 Ra2 35. Kg5 Ng8 36. Re6 Rxf2 37. Rxg6 Rxh2 38. Rxd6 Rg2 39. Rd3 h4 40. Kxh4 Kg7 41. Kg5 Ne7 42. f5 Rf2 1-0

[Event "Hebraica op 30th"]
[Site "Hebraica"]
[Date "2023.02.10"]
[Round "1"]
[White "Van Riemsdijk, Dirk Dagobert"]
[Black "Leal, Guilherme Alves De"]
[Result "1-0"]
[WhiteElo "1833"]
[BlackElo "1207"]
[PlyCount "53"]
[EventDate "2023.02.10"]
[EventType "swiss"]
[EventRounds "7"]
[EventCountry "BRA"]
[SourceTitle "CBM 212 Extra"]
[Source "ChessBase"]
[SourceDate "2023.03.31"]
[SourceVersion "1"]
[SourceVersionDate "2023.03.31"]
[SourceQuality "1"]

1. e4 c5 2. Nf3 a6 3. c4 e6 4. Nc3 Ne7 5. d4 cxd4 6. Nxd4 Nec6 7. Be3 Nxd4 8. Qxd4 Nc6 9. Qd2 Be7 10. Be2 0-0 11. 0-0 f5 12. exf5 Rxf5 13. Rad1 Bb4 14. a3 Bxc3 15. Qxc3 d5 16. f4 Qf8 17. g3 Ne7 18. Bg4 Rf6 19. Bc5 dxc4 20. Qb4 Nd5 21. Rxd5 exd5 22. Bxf8 Rxf8 23. Bxc8 Raxc8 24. Qxb7 c3 25. Qxd5+ Kh8 26. bxc3 Rxc3 27. Re1 1-0

[Event "Caxambu op"]
[Site "Caxambu"]
[Date "2020.03.06"]
[Round "2"]
[White "Van Riemsdijk, Dirk Dagobert"]
[Black "Arango, Pedro Esteban"]
[Result "1-0"]
[WhiteElo "1877"]
[BlackElo "1583"]
[PlyCount "51"]
[EventDate "2020.03.06"]
[EventType "swiss"]
[EventRounds "6"]
[EventCountry "BRA"]
[SourceTitle "CBM 195 Extra"]
[Source "ChessBase"]
[SourceDate "2020.05.31"]
[SourceVersion "1"]
[SourceVersionDate "2020.05.31"]
[SourceQuality "1"]

1. e4 c5 2. Nf3 Nc6 3. d4 cxd4 4. Nxd4 Nf6 5. Nc3 e6 6. Nxc6 bxc6 7. e5 Nd5 8. Ne4 Qc7 9. f4 c5 10. c4 Nb4 11. Be2 Bb7 12. Bf3 Nc6 13. Be3 Nd4 14. Bxd4 cxd4 15. Qxd4 Bb4+ 16. Ke2 Rc8 17. Rac1 Ba6 18. b3 0-0 19. Rhd1 Rfd8 20. Nd6 Rb8 21. Be4 Qa5 22. Rc2 Bc5 23. Qd3 h6 24. Bh7+ Kf8 25. Rf1 g6 26. Nxf7 1-0

[Event "Sao Paulo op-A U2300 8th"]
[Site "Sao Paulo"]
[Date "2019.10.20"]
[Round "5"]
[White "Nunes, Guilherme Sacardo T"]
[Black "Van Riemsdijk, Dirk Dagobert"]
[Result "0-1"]
[WhiteElo "1741"]
[BlackElo "1882"]
[PlyCount "92"]
[EventDate "2019.10.17"]
[EventType "swiss"]
[EventRounds "6"]
[EventCountry "BRA"]
[SourceTitle "CBM 192 Extra"]
[Source "Chessbase"]
[SourceDate "2019.11.06"]
[SourceVersion "1"]
[SourceVersionDate "2019.11.06"]
[SourceQuality "1"]

1. e4 c6 2. Nf3 d5 3. exd5 cxd5 4. Ne5 Nc6 5. d4 Nf6 6. Bb5 Qb6 7. c4 e6 8. Qa4 Bd7 9. Nxd7 Nxd7 10. cxd5 Bb4+ 11. Nc3 exd5 12. 0-0 Bxc3 13. bxc3 0-0 14. Rb1 Nf6 15. Ba3 Rfe8 16. f3 Re3 17. Bc5 Qc7 18. c4 Ne5 19. Rbe1 Rxe1 20. Rxe1 Nxc4 21. Bxc4 dxc4 22. Re7 Qc6 23. Qxc4 Nd5 24. Re5 Rd8 25. Qb3 b6 26. Ba3 f6 27. Re7 a5 28. Re2 Qc3 29. Bb2 Qxb3 30. axb3 Kf7 31. Rc2 Rd7 32. Rc6 h5 33. g3 Kg6 34. Kf1 Rc7 35. Rxc7 Nxc7 36. Ke2 Kf5 37. Kd3 Ke6 38. Kc4 Kd6 39. Ba3+ Kc6 40. Bf8 g6 41. Bg7 f5 42. Bf8 b5+ 43. Kd3 Kd5 44. Kc3 Ne6 45. Bh6 Nxd4 46. f4 Ne6 0-1

[Event "Sao Paulo op-A U2300 8th"]
[Site "Sao Paulo"]
[Date "2019.10.19"]
[Round "3"]
[White "Costa, Henrique de Jesus"]
[Black "Van Riemsdijk, Dirk Dagobert"]
[Result "1/2-1/2"]
[WhiteElo "1879"]
[BlackElo "1882"]
[PlyCount "99"]
[EventDate "2019.10.17"]
[EventType "swiss"]
[EventRounds "6"]
[EventCountry "BRA"]
[SourceTitle "CBM 192 Extra"]
[Source "Chessbase"]
[SourceDate "2019.11.06"]
[SourceVersion "1"]
[SourceVersionDate "2019.11.06"]
[SourceQuality "1"]

1. d4 d5 2. Bf4 Nf6 3. e3 c5 4. c3 Nc6 5. Nd2 e6 6. Ngf3 Qb6 7. Qb3 Qxb3 8. axb3 a6 9. dxc5 Bxc5 10. b4 Ba7 11. b5 axb5 12. Bxb5 Ke7 13. 0-0 Bd7 14. h3 Bb6 15. Bg5 h6 16. Bh4 Bc7 17. Bxf6+ gxf6 18. e4 dxe4 19. Nxe4 b6 20. Rfd1 Rxa1 21. Rxa1 Rd8 22. c4 Be8 23. Rc1 f5 24. Nc3 Ne5 25. Nxe5 Bxe5 26. Bxe8 Kxe8 27. Nd1 Rd2 28. b4 Kd7 29. Kf1 Bd4 30. Ke1 Ra2 31. c5 bxc5 32. bxc5 Kc6 33. Rc4 e5 34. Rb4 Bxc5 35. Rh4 Bd4 36. Rxh6+ Kd5 37. Rf6 f4 38. g3 Ke4 39. gxf4 exf4 40. Rxf7 Kf3 41. Rd7 Re2+ 42. Kf1 Rd2 43. Ke1 Re2+ 44. Kf1 Bxf2 45. Rd3+ Be3 46. Nxe3 fxe3 47. Rd8 Rf2+ 48. Ke1 Re2+ 49. Kf1 Rf2+ 50. Ke1 1/2-1/2

[Event "Sao Paulo Karman Cup"]
[Site "Sao Paulo"]
[Date "2019.08.17"]
[Round "4"]
[White "Nabhan, Pedro Chen"]
[Black "Van Riemsdijk, Dirk Dagobert"]
[Result "0-1"]
[WhiteElo "1507"]
[BlackElo "1928"]
[PlyCount "118"]
[EventDate "2019.08.16"]
[EventType "swiss"]
[EventRounds "6"]
[EventCountry "BRA"]
[SourceTitle "EXT 2021"]
[Source "ChessBase"]
[SourceDate "2020.10.23"]
[SourceVersion "1"]
[SourceVersionDate "2020.10.23"]
[SourceQuality "1"]

1. e4 c6 2. c4 d5 3. exd5 cxd5 4. cxd5 Nf6 5. Nc3 Nxd5 6. Nf3 Nc6 7. Bc4 Nxc3 8. bxc3 e6 9. 0-0 Be7 10. d4 0-0 11. Bf4 b6 12. Qe2 Bb7 13. Rfe1 Bf6 14. Rac1 Rc8 15. Bd3 Re8 16. Ne5 Nxe5 17. Bxe5 Bxe5 18. Qxe5 Qd5 19. Qg3 Qxa2 20. Qh4 h6 21. Ra1 Qd2 22. Rad1 Qg5 23. Qxg5 hxg5 24. Re3 Bd5 25. Ra1 Rc7 26. c4 Bxc4 27. Bxc4 Rxc4 28. d5 Rd4 29. dxe6 Rxe6 30. Rea3 a5 31. g3 g4 32. Ra4 Rxa4 33. Rxa4 f5 34. Rf4 Re5 35. Ra4 Kf7 36. Kg2 Ke6 37. h3 gxh3+ 38. Kxh3 Re4 39. Ra2 Kd5 40. Rd2+ Rd4 41. Rb2 Rb4 42. Rd2+ Kc5 43. Rd7 a4 44. Rxg7 Rb5 45. Rc7+ Kb4 46. Rc1 a3 47. Ra1 Ka4 48. f4 Rb3 49. Kh4 b5 50. g4 fxg4 51. Kxg4 b4 52. f5 Rc3 53. f6 b3 54. f7 Rc8 55. Rf1 Rf8 56. Rf4+ Kb5 57. Rf5+ Kc6 58. Rf3 b2 59. Rc3+ Kd5 0-1

[Event "BRA-ch Amateur U2200"]
[Site "Sao Paulo"]
[Date "2019.06.20"]
[Round "2"]
[White "Do Valle Cardoso, Lucas"]
[Black "Van Riemsdijk, Dirk Dagobert"]
[Result "1-0"]
[WhiteElo "2198"]
[BlackElo "1931"]
[PlyCount "73"]
[EventDate "2019.06.20"]
[EventType "swiss"]
[EventRounds "7"]
[EventCountry "BRA"]
[SourceTitle "EXT 2020"]
[Source "ChessBase"]
[SourceDate "2019.10.17"]
[SourceVersion "1"]
[SourceVersionDate "2019.10.17"]
[SourceQuality "1"]

1. e4 c6 2. d4 d5 3. Nc3 dxe4 4. Nxe4 Bf5 5. Ng3 Bg6 6. h4 h6 7. h5 Bh7 8. Nf3 e6 9. Bd3 Bxd3 10. Qxd3 Nf6 11. Bd2 Bd6 12. Ne4 Nxe4 13. Qxe4 Nd7 14. 0-0-0 Nf6 15. Qe2 Qc7 16. Kb1 0-0-0 17. c4 c5 18. Bc3 Rhe8 19. Ne5 cxd4 20. Bxd4 Bxe5 21. Bxe5 Qc6 22. g4 Rd7 23. f3 Red8 24. Rxd7 Qxd7 25. g5 Ne8 26. gxh6 gxh6 27. Bf4 f6 28. Qe3 e5 29. Bxh6 Qh7+ 30. Ka1 Rd3 31. Qe4 Qd7 32. a3 Rd4 33. Qc2 Nd6 34. Be3 Rxc4 35. Qg6 Qc6 36. Qxf6 Rc2 37. Qe6+ 1-0

[Event "BRA-ch Amateur U2200"]
[Site "Sao Paulo"]
[Date "2019.06.20"]
[Round "1"]
[White "Van Riemsdijk, Dirk Dagobert"]
[Black "Borges, Wagner da Silva"]
[Result "1/2-1/2"]
[WhiteElo "1931"]
[BlackElo "2134"]
[PlyCount "54"]
[EventDate "2019.06.20"]
[EventType "swiss"]
[EventRounds "7"]
[EventCountry "BRA"]
[SourceTitle "EXT 2020"]
[Source "ChessBase"]
[SourceDate "2019.10.17"]
[SourceVersion "1"]
[SourceVersionDate "2019.10.17"]
[SourceQuality "1"]

1. e4 c5 2. Nf3 Nc6 3. d4 Nxd4 4. Nxd4 Nf6 5. Nc3 d6 6. Bg5 e6 7. Qd3 Be7 8. 0-0-0 Qa5 9. Bxf6 gxf6 10. Be2 cxd4 11. Qxd4 a6 12. f4 Bd7 13. Kb1 Qc5 14. Qxc5 dxc5 15. Bh5 Bc6 16. f5 0-0 17. Rhe1 Rad8 18. Nd5 exd5 19. exd5 Rxd5 20. Rxd5 Bxd5 21. Rxe7 Bxg2 22. Kc1 Bc6 23. Kd2 Rd8+ 24. Ke3 Rd7 25. Bxf7+ Kf8 26. Rxd7 Bxd7 27. Bd5 b6 1/2-1/2

[Event "Brazil Foz do Iguacu op"]
[Site "Foz do Iguacu"]
[Date "2018.05.19"]
[Round "8"]
[White "Larrea, Manuel"]
[Black "Van Riemsdijk, Dirk Dagobert"]
[Result "1-0"]
[WhiteElo "2274"]
[BlackElo "1955"]
[PlyCount "59"]
[EventDate "2018.05.16"]
[EventType "swiss"]
[EventRounds "9"]
[EventCountry "BRA"]
[SourceTitle "EXT 2019"]
[Source "ChessBase"]
[SourceDate "2018.10.10"]
[SourceVersion "1"]
[SourceVersionDate "2018.10.10"]
[SourceQuality "1"]

1. e4 c6 2. d4 d5 3. exd5 cxd5 4. c4 Nf6 5. Nc3 g6 6. cxd5 Bg7 7. Bb5+ Nbd7 8. d6 exd6 9. Qe2+ Qe7 10. Bf4 a6 11. Bxd6 Qxe2+ 12. Bxe2 Nb6 13. Nf3 Be6 14. 0-0 Nfd5 15. Ne4 Rd8 16. Bc5 Nc8 17. Rfe1 h6 18. Bf1 Kd7 19. Rac1 Rhe8 20. Ne5+ Bxe5 21. dxe5 Bf5 22. Nc3 f6 23. Red1 Ke6 24. Bc4 Kxe5 25. Re1+ Kf4 26. Be3+ Kg4 27. Bd2 Kh4 28. g3+ Kh3 29. Bf1+ Kg4 30. h3+ 1-0

[Event "Brazil Foz do Iguacu op"]
[Site "Foz do Iguacu"]
[Date "2018.05.17"]
[Round "4"]
[White "Pina, Ulises"]
[Black "Van Riemsdijk, Dirk Dagobert"]
[Result "1-0"]
[WhiteElo "2214"]
[BlackElo "1955"]
[PlyCount "59"]
[EventDate "2018.05.16"]
[EventType "swiss"]
[EventRounds "9"]
[EventCountry "BRA"]
[SourceTitle "CBM 184 Extra"]
[Source "ChessBase"]
[SourceDate "2018.06.28"]
[SourceVersion "1"]
[SourceVersionDate "2018.06.28"]
[SourceQuality "1"]

1. e4 c6 2. Nf3 d5 3. Nc3 e6 4. d4 Nf6 5. Bd3 a6 6. 0-0 Be7 7. e5 Nfd7 8. Ne2 c5 9. c3 Nc6 10. Be3 b5 11. g3 Bb7 12. Nf4 g6 13. h4 c4 14. Bc2 Qb6 15. b4 cxb3 16. axb3 a5 17. Qd2 Ba6 18. Rfd1 Rc8 19. Bd3 Nf8 20. Qe2 Qb7 21. Ng2 Bd8 22. Bg5 h6 23. Bxd8 Kxd8 24. Ne3 Nd7 25. Ng4 h5 26. Ne3 Ke7 27. Ng2 Kf8 28. Nf4 Kg7 29. Nh3 Qb6 30. Nhg5 1-0

[Event "Brazil Foz do Iguacu op"]
[Site "Foz do Iguacu"]
[Date "2018.05.16"]
[Round "1"]
[White "Van Riemsdijk, Dirk Dagobert"]
[Black "Mareco, Sandro"]
[Result "0-1"]
[WhiteElo "1955"]
[BlackElo "2637"]
[PlyCount "64"]
[EventDate "2018.05.16"]
[EventType "swiss"]
[EventRounds "9"]
[EventCountry "BRA"]
[SourceTitle "CBM 184 Extra"]
[Source "ChessBase"]
[SourceDate "2018.06.28"]
[SourceVersion "1"]
[SourceVersionDate "2018.06.28"]
[SourceQuality "1"]

1. e4 c5 2. Nf3 d6 3. d4 cxd4 4. Nxd4 Nf6 5. Nc3 a6 6. h3 e5 7. Nde2 b5 8. Bg5 Nbd7 9. a4 b4 10. Nd5 Bb7 11. Ng3 Bxd5 12. exd5 Qa5 13. Be2 g6 14. 0-0 Bg7 15. Bg4 Nb6 16. Bxf6 Bxf6 17. c4 bxc3 18. bxc3 0-0 19. c4 Bg7 20. Rb1 f5 21. Be2 e4 22. f3 exf3 23. Rxf3 Nxa4 24. Rb7 Be5 25. Kh1 Nc5 26. Re7 Rae8 27. Rxe8 Rxe8 28. Nf1 Ne4 29. h4 Bf6 30. h5 Nc3 31. Rxc3 Qxc3 32. hxg6 hxg6 0-1

[Event "Sao Paulo op-B U2050 7th"]
[Site "Sao Paulo"]
[Date "2018.03.31"]
[Round "4"]
[White "Van Riemsdijk, Dirk Dagobert"]
[Black "Bueno, Jonas Alves"]
[Result "1-0"]
[WhiteElo "1953"]
[BlackElo "1873"]
[PlyCount "67"]
[EventDate "2018.03.30"]
[EventType "swiss"]
[EventRounds "6"]
[EventCountry "BRA"]
[SourceTitle "EXT 2021"]
[Source "ChessBase"]
[SourceDate "2020.10.23"]
[SourceVersion "1"]
[SourceVersionDate "2020.10.23"]
[SourceQuality "1"]

1. e4 e5 2. Nc3 Nc6 3. f4 exf4 4. Nf3 d6 5. d4 h6 6. Bxf4 g5 7. Bg3 Bg7 8. Bb5 Bd7 9. 0-0 g4 10. Bxc6 bxc6 11. Nh4 Rb8 12. Rb1 h5 13. Qd2 Nh6 14. Ne2 Bf6 15. Rxf6 Qxf6 16. b3 Qg7 17. Rf1 Ng8 18. Qa5 Rc8 19. Qxa7 Ne7 20. Qa5 Rh6 21. Qd2 Rf6 22. Re1 Ng6 23. e5 Re6 24. Qg5 Ra8 25. a4 Ra5 26. Nf4 dxe5 27. Nxe6 Bxe6 28. Bxe5 Kd7 29. b4 f6 30. Qxg6 Qxg6 31. Nxg6 Rxa4 32. Bxf6 Bf5 33. Nf8+ Kc8 34. c3 1-0

[Event "Sao Paulo op-B U2050 7th"]
[Site "Sao Paulo"]
[Date "2018.03.30"]
[Round "1"]
[White "Takiguchi, Angelica Tidori"]
[Black "Van Riemsdijk, Dirk Dagobert"]
[Result "0-1"]
[WhiteElo "1717"]
[BlackElo "1953"]
[PlyCount "84"]
[EventDate "2018.03.30"]
[EventType "swiss"]
[EventRounds "6"]
[EventCountry "BRA"]
[SourceTitle "EXT 2021"]
[Source "ChessBase"]
[SourceDate "2020.10.23"]
[SourceVersion "1"]
[SourceVersionDate "2020.10.23"]
[SourceQuality "1"]

1. d4 d5 2. c4 c6 3. cxd5 cxd5 4. Nc3 Nf6 5. Bf4 Nc6 6. e3 e6 7. Bd3 a6 8. Nge2 Bd6 9. 0-0 0-0 10. Rc1 Re8 11. h3 e5 12. dxe5 Nxe5 13. Bb1 Be6 14. a3 Rc8 15. Nd4 Nc4 16. Bxd6 Qxd6 17. Qe2 Qb6 18. Rc2 Qa5 19. Nb3 Qb6 20. Nd4 Qa5 21. Nb3 Qc7 22. Nd4 Qe5 23. Rfc1 b5 24. Na2 Bd7 25. Nb4 a5 26. Nd3 Qb8 27. Qf3 Ne4 28. Ba2 b4 29. axb4 axb4 30. Qe2 Ned6 31. Qe1 Nf5 32. Nb3 Nfxe3 33. fxe3 Rxe3 34. Qf1 Qb6 35. Kh1 Ra8 36. Bb1 Bb5 37. Re2 Rae8 38. Rxe3 Nxe3 39. Qf4 Qg6 40. Qxe3 Rxe3 41. Nxb4 Qg3 42. Nd3 g6 0-1

[Event "Pocos de Caldas op"]
[Site "Pocos de Caldas"]
[Date "2018.03.02"]
[Round "1"]
[White "Van Riemsdijk, Dirk Dagobert"]
[Black "Grum, Amanda Soares"]
[Result "1-0"]
[WhiteElo "1953"]
[BlackElo "1380"]
[PlyCount "79"]
[EventDate "2018.03.02"]
[EventType "swiss"]
[EventRounds "6"]
[EventCountry "BRA"]
[SourceTitle "CBM 183 Extra"]
[Source "ChessBase"]
[SourceDate "2018.04.19"]
[SourceVersion "1"]
[SourceVersionDate "2018.04.19"]
[SourceQuality "1"]

1. e4 c5 2. Nf3 d6 3. d4 cxd4 4. Nxd4 g6 5. c4 Bg7 6. Be3 Nf6 7. Nc3 0-0 8. Be2 Nc6 9. f3 Nxd4 10. Bxd4 Bd7 11. 0-0 a6 12. Qd2 Rc8 13. Rac1 Be6 14. b3 Rc6 15. Nd5 Bxd5 16. cxd5 Rxc1 17. Rxc1 Qd7 18. Qc3 Rd8 19. Kf1 b5 20. Qc6 Rb8 21. Qxd7 Nxd7 22. Bxg7 Kxg7 23. Rc7 Rd8 24. Ra7 Kf6 25. Rxa6 b4 26. Ra7 Nc5 27. Kf2 h6 28. Ke3 g5 29. g3 Rg8 30. Kd4 Rc8 31. Bc4 h5 32. f4 gxf4 33. gxf4 Rd8 34. a3 bxa3 35. b4 e5+ 36. fxe5+ dxe5+ 37. Kxc5 Rc8+ 38. Kb5 Rb8+ 39. Ka4 Rc8 40. Kb3 1-0